Just Pick One: A-Z Quiz Stats

 Plays Quiz Updated Mar 20, 2020

Support Sporcle.
Go Orange.
Score 0/26 Timer 06:00
0 Plays Today
Quote Person % Correct
America is a vast conspiracy to make you happy.???
55.5%
All empty souls tend toward extreme opinions.???
53.7%
If you ask me what I came into this life to do, I will tell you: I came to live out loud.???
45.2%
Those who believe in telekinetics, raise my hand.???
45%
I have noticed even people who claim everything is predestined, and that we can do nothing to change it, look before they cross the road.???
40.4%
Dripping water hollows out stone, not through force but through persistence.???
40.4%
Be wisely worldly, but not worldly wise.???
35.9%
Be yourself; everyone else is already taken.???
34.4%
It's easier to be faithful to a restaurant than it is to a woman.???
34%
A man will fight harder for his interests than for his rights.???
33.8%
Follow your inner moonlight; don't hide the madness.???
33.3%
In the name of God, stop a moment, cease your work, look around you.???
30.4%
Love, friendship and respect do not unite people as much as a common hatred for something.???
30.3%
Quote Person % Correct
A minority may be right, and a majority is always wrong.???
29.4%
Music is a higher revelation than all wisdom and philosophy.???
28.5%
A book must be the axe for the frozen sea within us.???
27.4%
Everybody hates a prodigy, detests an old head on young shoulders.???
27.3%
Think you're escaping and run into yourself. Longest way round is the shortest way home.???
26.5%
Neither a lofty degree of intelligence nor imagination nor both together go to the making of genius. Love, love, love, that is the soul of genius.???
21.2%
I have often repented speaking, but never of holding my tongue.???
20.9%
A faithful friend is a strong defense; And he that hath found him hath found a treasure.???
19.8%
The keenest sorrow is to recognize ourselves as the sole cause of all our adversities.???
19.2%
Destiny is a name often given in retrospect to choices that had dramatic consequences.???
16.3%
Almost nobody dances sober, unless they happen to be insane.???
16.2%
Art is vice. You don't marry it legitimately, you rape it.???
15.8%
All human evil comes from a single cause, man's inability to sit still in a room.???
14.3%

You're not logged in!

Compare scores with friends on all Sporcle quizzes.
OR
Log In

From the Vault

Orders of Magnitude

by Barbecue

It's all about how many zeroes you have to add to the end of stuff.
Remove Ads.
Support Sporcle.
Get the best of Sporcle when you Go Orange. This ad-free experience offers more features, more stats, and more fun while also helping to support Sporcle. Thank you for becoming a member.

Show Comments

Extras

Top Quizzes Today


Score Distribution

Your Account Isn't Verified!

In order to create a playlist on Sporcle, you need to verify the email address you used during registration. Go to your Sporcle Settings to finish the process.

Report this User

Report this user for behavior that violates our Community Guidelines.

Details: